| 000 | 01091cam a2200421 4500500 | ||
|---|---|---|---|
| 005 | 20260405002101.0 | ||
| 041 | _afre | ||
| 042 | _adc | ||
| 100 | 1 | 0 |
_aLegros, Martin _eauthor |
| 245 | 0 | 0 | _aRésonances/ novembre 2015 |
| 260 | _c2015. | ||
| 500 | _a96 | ||
| 690 | _a3e Guerre mondiale | ||
| 690 | _aAllemagne | ||
| 690 | _aCalifat | ||
| 690 | _aChristopher Clark | ||
| 690 | _aCoalition | ||
| 690 | _aConflit | ||
| 690 | _aDjihadisme | ||
| 690 | _aEngrenage | ||
| 690 | _aÉtat islamique | ||
| 690 | _aFront National | ||
| 690 | _aGuerre | ||
| 690 | _aIndustrie | ||
| 690 | _aIslam | ||
| 690 | _aKarl Popper | ||
| 690 | _aLaurent Joffrin | ||
| 690 | _aMax Weber | ||
| 690 | _aMédias | ||
| 690 | _aMichel Onfray | ||
| 690 | _aPhilippe-Joseph Salazar | ||
| 690 | _aProtestantisme | ||
| 690 | _aRussie | ||
| 690 | _aSyrie | ||
| 690 | _aVolkswagen | ||
| 786 | 0 | _nPhilosophie magazine | 94 | 11 | 2015-11-01 | p. 9-9 | 1951-1787 | |
| 856 | 4 | 1 | _uhttps://shs.cairn.info/magazine-philosophie-magazine-2015-11-page-9?lang=fr&redirect-ssocas=7080 |
| 999 |
_c2054067 _d2054067 |
||